| 000 | 00535nam a2200193 a 4500 | ||
|---|---|---|---|
| 005 | 20210219152857.0 | ||
| 008 | 991125n 000 0 u | ||
| 035 | _aUPN01000064795 | ||
| 110 | 2 | _aUniversidad Pedagógica Nacional (México) | |
| 222 | 0 | _aBOLETIN UPN UNIDAD AJUSCO | |
| 245 | 0 | 0 | _aArea de servicios de biblioteca y apoyo académico |
| 260 | _aMéxico | ||
| 300 | _a2 | ||
| 362 | 0 | _a1979 Vol. 1, no. 1, jun. 30 | |
| 653 | 0 | _aSERVICIOS BIBLIOTECARIOS | |
| 653 | 0 | _aUPN | |
| 904 |
_aAC _b002606 |
||
| 905 | _aArticulo | ||
| 999 |
_c62738 _d62738 |
||